Statistics for Polyatomic Ions for AP Chem

Click here to take the quiz!

General Stats

  • This quiz has been taken 197 times
  • The average score is 16 of 26

Answer Stats

ChargePolyatomic
Ion Formula
Name% Correct
1+NH4Ammonium
92%
1-NO3Nitrate
77%
1-OHHydroxide
74%
3-PO4Phosphate
74%
2-SO4Sulfate
73%
1-ClO3Chlorate
72%
1-NO2Nitrite
72%
1-BrO3Bromate
71%
2-CrO4Chromate
69%
1-CNCyanide
69%
2-SO3Sulfite
69%
2-CO3Carbonate
67%
3-PO3Phosphite
67%
1-ClO2Chlorite
66%
1-BrO2Bromite
64%
1-IO3Iodate
63%
1-ClO4Perchlorate
58%
1-MnO4Permanganate
53%
1-C2H3O2Acetate
51%
3-AsO4Arsenate
47%
1-HCO3Hydrogen Carbonate (Bicarbonate)
45%
1-ClOHypochlorite
43%
2-Cr2O7Dichromate
39%
2-O2Peroxide
30%
1-SCNThiocyanate
26%
2-C2O4Oxalate
23%

Score Distribution

Percentile by Number Answered

Percent of People with Each Score

Your Score History

You have not taken this quiz